Quæstiones in sacra theologia discutiendæ Oxonii in vesperiis, nono die mensis Julii, An. Dom. 1664

Bibliographic Details
Corporate Author: University of Oxford
Format: eBook
Language:Latin
Published: Oxoniæ : Typis Lichfieldianis, Academiæ Typog., Ann. Dom. 1664.
Series:Early English books online.
Subjects:
Online Access:Connect to the full text of this electronic book

MARC

Tag First Indicator Second Indicator Subfields
LEADER 00000nam a2200000Ia 4500
001 in00004315921
005 20200812074539.0
006 m g d
007 cr bn |||a|bb|
008 991222s1664 enk o 00| | lat d
035 |a (OCoLC)43078104 
040 |a EAE  |c EAE  |e dcrb  |d WaOLN 
037 |a CL0037000092  |b ProQuest Information and Learning. 300 N. Zeeb Rd., Ann Arbor, MI 48106 
043 |a e-uk-en 
090 |a LF507  |b .Q33 
049 |a UMIA 
110 2 |a University of Oxford. 
245 1 0 |a Quæstiones in sacra theologia discutiendæ Oxonii in vesperiis, nono die mensis Julii, An. Dom. 1664 
260 |a Oxoniæ :  |b Typis Lichfieldianis, Academiæ Typog.,  |c Ann. Dom. 1664. 
300 |a 1 online resource (1 sheet ([1] pages) 
336 |a text  |b txt  |2 rdacontent 
337 |a computer  |b c  |2 rdamedia 
338 |a online resource  |b cr  |2 rdacarrier 
500 |a Reproduction of original in: Bodleian Library, Oxford, England. 
510 4 |a Wing (2nd edition)  |c O945A 
533 |a Electronic reproduction.  |b Ann Arbor, Mich. :  |c UMI,  |d 1999-  |f (Early English books online)  |n Digital version of: (Early English Books, 1641-1700 ; 2268:3)  |7 s1999 miun s 
610 2 0 |a University of Oxford  |x Examinations. 
650 0 |a Theology  |v Examinations, questions, etc. 
650 0 |a Philosophy  |v Examinations, questions, etc. 
655 7 |a Broadsides  |z England  |z Oxford  |y 17th century.  |2 rbgenr 
830 0 |a Early English books online. 
856 4 0 |u http://proxy.library.tamu.edu/login?url=https://search.proquest.com/docview/2240915680  |z Connect to the full text of this electronic book  |t 0 
999 f f |s d33505f4-42e8-3a7a-989e-052d403ac611  |i 7815181c-b790-3e96-a035-7070f8ab3982  |t 0 
952 f f |a Texas A&M University  |b College Station  |c Electronic Resources  |d Available Online  |t 0  |e LF507 .Q33  |h Library of Congress classification 
998 f f |a LF507 .Q33  |t 0  |l Available Online